Rubber wood production and utilization in India (Record no. 68146)

MARC details
000 -LEADER
fixed length control field 00314nam a2200121Ia 4500
100 ## - MAIN ENTRY--AUTHOR NAME
Personal name Mannothra J M
245 #0 - TITLE STATEMENT
Title Rubber wood production and utilization in India
260 ## - PUBLICATION, DISTRIBUTION, ETC. (IMPRINT)
Name of publisher Wood News
Year of publication 1993
300 ## - PHYSICAL DESCRIPTION
Number of Pages 21-28
650 ## - SUBJECT ADDED ENTRY--TOPICAL TERM
Topical Term Rubber wood production
942 ## - ADDED ENTRY ELEMENTS (KOHA)
Koha item type Journals
Holdings
Withdrawn status Lost status Damaged status Not for loan Home library Current library Shelving location Date acquired Serial Enumeration / chronology Koha item type
      Journals RRII Library RRII Library Rubber general 17/12/2021 Volume 3, Issue 3 Journals